000 00332cam a22001097a 4500
008 180718b1958 xxu||||| |||| 00| 0 eng d
082 _aD In2p
245 _aPanchsheel: its meaning and history
_cby Lok Sabha Secretariat
260 _aNew Delhi
_bLok Sabha Secretariat
_c1958
300 _a46+p.
700 _aIndia. Lok Sabha Secretariat
999 _c395863
_d395863